00389nam a2200133Ia 45000010005000000080041000050820020000461000024000662450071000902600044001615900007002059010028002129990015002403943241024s9999 xx 000 0 und d aRD/361.07/R457e aMáximo Reyes Luna 0aLos efectos Karmicos del accionar político, económico y social bLa Romana, República Dominicanac2014 asi a10/3/2015 12:21:37 p.m. c9404d9404